000 00810nam a2200229 i 4500
001 11783
003 ES-MaACL
005 20250707040003.0
007 t|
008 961104s1913 xxkbf ||||1| eng d
100 1 _aElliot, G. F. Scott.
_947030
245 1 0 _aChile
_b: its history and development natural features, products, commerce and present conditions /
_cby G. F. Scott Elliot ; with an introduction by Martin Hume.
250 _a1st ed., 4th imp.
260 _aLondon :
_bT. Fisher Unwin,
_c[1913]
300 _aXXVIII, 363 p., 39 h. de lám., 1 h. map. pleg. ;
_c23 cm.
504 _aBibliografía: p. 351-363.
651 4 _aChile-
_xDescripción.
_9143280
700 1 _aHume, Martin,
_d1847-1910
_964726
852 _aES-MaACL
_jG-4157
852 _aES-MaACL
_jD-1110
999 _c11783
_d11783